[Event "WchT Seniors 65"]
[Site "Prague"]
[Date "2020.03.12"]
[Round "7.1"]
[White "Lahti, Jouko"]
[Black "Babula, Milan"]
[Result "1/2-1/2"]
[WhiteElo "1953"]
[BlackElo "2144"]
[PlyCount "47"]
[EventDate "2020.03.06"]
[EventType "team-swiss"]
[EventRounds "7"]
[EventCountry "CZE"]
[SourceTitle "CBM 195 Extra"]
[Source "ChessBase"]
[SourceDate "2020.05.31"]
[SourceVersion "1"]
[SourceVersionDate "2020.05.31"]
[SourceQuality "1"]
[WhiteTeam "Finland 65 II"]
[BlackTeam "Czech Republic 65 VI"]
[WhiteTeamCountry "FIN"]
[BlackTeamCountry "CZE"]

1. d4 Nf6 2. Nf3 c5 3. e3 e6 4. Bd3 b6 5. b3 Bb7 6. Bb2 Be7 7. 0-0 0-0 8. Nbd2 Qc7 9. Re1 d5 10. dxc5 bxc5 11. c4 Nc6 12. a3 Rfd8 13. Qe2 Rac8 14. Rad1 Qb6 15. Rb1 Rd7 16. Ne5 Nxe5 17. Bxe5 Rcd8 18. cxd5 exd5 19. Bf5 Ba6 20. Qf3 Rb7 21. Qh3 Qa5 22. b4 cxb4 23. Nb3 Qb6 24. Bc8 1/2-1/2

[Event "WchT Seniors 65"]
[Site "Prague"]
[Date "2020.03.11"]
[Round "6.1"]
[White "Bartonicek, Zdenek"]
[Black "Lahti, Jouko"]
[Result "1/2-1/2"]
[WhiteElo "1949"]
[BlackElo "1953"]
[PlyCount "62"]
[EventDate "2020.03.06"]
[EventType "team-swiss"]
[EventRounds "7"]
[EventCountry "CZE"]
[SourceTitle "CBM 195 Extra"]
[Source "ChessBase"]
[SourceDate "2020.05.31"]
[SourceVersion "1"]
[SourceVersionDate "2020.05.31"]
[SourceQuality "1"]
[WhiteTeam "Czech Republic 65 VIII"]
[BlackTeam "Finland 65 II"]
[WhiteTeamCountry "CZE"]
[BlackTeamCountry "FIN"]

1. e4 c5 2. Nf3 e6 3. c3 d5 4. exd5 exd5 5. d4 Nc6 6. Be3 cxd4 7. Nxd4 Bd6 8. g3 Nf6 9. Bg2 0-0 10. 0-0 Ng4 11. Bc1 Bc5 12. h3 Nf6 13. Be3 Qb6 14. Nxc6 bxc6 15. Bxc5 Qxc5 16. Nd2 a5 17. Nb3 Qb5 18. Rb1 Bf5 19. Nd4 Qd3 20. Nxf5 Qxf5 21. Qa4 Qd7 22. Rbd1 Qb7 23. b3 Qb6 24. Rfe1 Rfe8 25. Bf3 Re6 26. Rxe6 fxe6 27. Bg4 Re8 28. Qd4 Qc7 29. Bf3 e5 30. Qe3 e4 31. Be2 Kh8 1/2-1/2

[Event "WchT Seniors 65"]
[Site "Prague"]
[Date "2020.03.10"]
[Round "5.17"]
[White "Lahti, Jouko"]
[Black "Nordstrom, Felix"]
[Result "1/2-1/2"]
[WhiteElo "1953"]
[BlackElo "2091"]
[PlyCount "64"]
[EventDate "2020.03.06"]
[EventType "team-swiss"]
[EventRounds "7"]
[EventCountry "CZE"]
[SourceTitle "CBM 195 Extra"]
[Source "ChessBase"]
[SourceDate "2020.05.31"]
[SourceVersion "1"]
[SourceVersionDate "2020.05.31"]
[SourceQuality "1"]
[WhiteTeam "Finland 65 II"]
[BlackTeam "Sweden 65 II"]
[WhiteTeamCountry "FIN"]
[BlackTeamCountry "SWE"]

1. Nf3 d5 2. g3 g6 3. Bg2 Bg7 4. 0-0 e5 5. d3 Ne7 6. Nbd2 0-0 7. c3 a5 8. Qc2 Nbc6 9. Re1 b6 10. c4 Bb7 11. a3 Qd7 12. Rb1 a4 13. cxd5 Nxd5 14. Ne4 Nd4 15. Nxd4 exd4 16. Ng5 Rfe8 17. Nh3 c5 18. Nf4 Be5 19. Nxd5 Bxd5 20. Bxd5 Qxd5 21. Qc4 Qd7 22. Kg2 Qc6+ 23. Kg1 b5 24. Qc2 c4 25. e3 Rec8 26. exd4 Bxd4 27. Be3 Qb6 28. dxc4 Rxc4 29. Qe4 Rac8 30. Bxd4 Rxd4 31. Qe3 Qd6 32. Re2 h5 1/2-1/2

[Event "WchT Seniors 65"]
[Site "Prague"]
[Date "2020.03.07"]
[Round "2.22"]
[White "James, David J"]
[Black "Lahti, Jouko"]
[Result "1/2-1/2"]
[WhiteElo "2122"]
[BlackElo "1953"]
[PlyCount "30"]
[EventDate "2020.03.06"]
[EventType "team-swiss"]
[EventRounds "7"]
[EventCountry "CZE"]
[SourceTitle "CBM 195 Extra"]
[Source "ChessBase"]
[SourceDate "2020.05.31"]
[SourceVersion "1"]
[SourceVersionDate "2020.05.31"]
[SourceQuality "1"]
[WhiteTeam "Wales 65"]
[BlackTeam "Finland 65 II"]
[WhiteTeamCountry "WLS"]
[BlackTeamCountry "FIN"]

1. d4 d5 2. Nf3 Nf6 3. c4 c6 4. e3 Bf5 5. cxd5 cxd5 6. Qb3 Qb6 7. Qxb6 axb6 8. Nc3 Nc6 9. Bb5 Bd7 10. 0-0 e6 11. Bd2 Bd6 12. Ne1 0-0 13. f4 Na5 14. Nd3 Rfc8 15. Bxd7 Nxd7 1/2-1/2

[Event "South Ostrobothnia-ch"]
[Site "Seinajoki"]
[Date "2020.01.04"]
[Round "3"]
[White "Lahti, Jouko"]
[Black "Jarvenpaa, Jari"]
[Result "0-1"]
[WhiteElo "1944"]
[BlackElo "2276"]
[PlyCount "76"]
[EventDate "2020.01.04"]
[EventType "swiss"]
[EventRounds "5"]
[EventCountry "FIN"]
[SourceTitle "EXT 2021"]
[Source "ChessBase"]
[SourceDate "2020.10.23"]
[SourceVersion "1"]
[SourceVersionDate "2020.10.23"]
[SourceQuality "1"]

1. d4 f5 2. Nc3 Nf6 3. Bg5 d5 4. Bxf6 exf6 5. e3 Be6 6. Bd3 Qd7 7. Nge2 Nc6 8. Nf4 Bf7 9. Qf3 Nb4 10. Bb5 Nxc2+ 11. Kd2 c6 12. Kxc2 cxb5 13. Rac1 Rd8 14. Kb1 Be7 15. h4 0-0 16. Rcg1 b4 17. Nce2 Rc8 18. g4 fxg4 19. Qxg4 Qxg4 20. Rxg4 g6 21. f3 Rfd8 22. Rg2 Kf8 23. h5 g5 24. Nd3 h6 25. f4 Bg8 26. fxg5 hxg5 27. Rd1 Bh7 28. Rgg1 Rd6 29. Nec1 Re6 30. Rge1 Bd6 31. Ka1 Rce8 32. Nc5 R6e7 33. Rf1 Kf7 34. Rf2 Bxc5 35. dxc5 Rxe3 36. Nb3 Re1 37. Rf1 Rxd1+ 38. Rxd1 Bc2 0-1

[Event "Kokkola KokkSK Kaarlen op"]
[Site "Kokkola"]
[Date "2019.03.16"]
[Round "2"]
[White "Peltomaa, Jukka"]
[Black "Lahti, Jouko"]
[Result "1-0"]
[WhiteElo "1989"]
[BlackElo "1907"]
[PlyCount "85"]
[EventDate "2019.03.16"]
[EventType "swiss"]
[EventRounds "5"]
[EventCountry "FIN"]
[SourceTitle "EXT 2021"]
[Source "ChessBase"]
[SourceDate "2020.10.23"]
[SourceVersion "1"]
[SourceVersionDate "2020.10.23"]
[SourceQuality "1"]

1. d4 Nf6 2. Nf3 g6 3. c4 Bg7 4. Nc3 d6 5. e4 0-0 6. h3 Nbd7 7. Bg5 h6 8. Be3 c6 9. Be2 e5 10. 0-0 Re8 11. Qc2 exd4 12. Nxd4 Nc5 13. Bf3 Qe7 14. Rfe1 a5 15. Rad1 Bd7 16. Bf4 Rad8 17. Nb3 Be6 18. Nxa5 Qc7 19. b4 Na6 20. Qa4 Bf8 21. c5 Ra8 22. cxd6 Qd7 23. e5 Nh7 24. a3 f5 25. exf6 Nxf6 26. Qc2 Bf5 27. Qd2 g5 28. Be5 Bg7 29. Nc4 Qf7 30. Qd4 Be6 31. Nb6 Rad8 32. Ne4 Nxe4 33. Rxe4 Nb8 34. Bxg7 Qxg7 35. Qe3 Bf7 36. d7 Rf8 37. Re7 Qf6 38. Bg4 c5 39. Nd5 Bxd5 40. Rxd5 Nc6 41. Re6 Qa1+ 42. Rd1 Qg7 43. bxc5 1-0

[Event "FIN-chT2 Gp4 1819"]
[Site "Finland"]
[Date "2019.01.12"]
[Round "5.4"]
[White "Hietala, Kai"]
[Black "Lahti, Jouko"]
[Result "0-1"]
[WhiteElo "1909"]
[BlackElo "1948"]
[PlyCount "96"]
[EventDate "2018.09.15"]
[EventType "team-tourn"]
[EventRounds "6"]
[EventCountry "FIN"]
[SourceTitle "EXT 2020"]
[Source "ChessBase"]
[SourceDate "2019.10.17"]
[SourceVersion "1"]
[SourceVersionDate "2019.10.17"]
[SourceQuality "1"]
[WhiteTeam "Oulu OSS II"]
[BlackTeam "Kokkola SK"]
[WhiteTeamCountry "FIN"]
[BlackTeamCountry "FIN"]

1. e4 c5 2. Nf3 d6 3. d4 cxd4 4. Nxd4 Nf6 5. Nc3 a6 6. a4 e6 7. Bc4 Qc7 8. Qe2 Qb6 9. Nb3 Nbd7 10. Be3 Qc6 11. Nd4 Qc7 12. 0-0 b6 13. f3 Ne5 14. Ba2 Bb7 15. Rab1 h5 16. Rfc1 Rc8 17. Qf1 Nc4 18. Bxc4 Qxc4 19. Qf2 Nd7 20. Nde2 Qc7 21. b4 Be7 22. Qg3 h4 23. Qxg7 Bf6 24. Qg4 Bxc3 25. Nxc3 Qxc3 26. Rb3 Qe5 27. Rd3 Qh5 28. Qh3 d5 29. exd5 Bxd5 30. Rd4 Rc3 31. Bf2 Rg8 32. Re1 Rxf3 33. Qxh4 Qf5 34. Bg3 Rc3 35. Rf4 Qxc2 36. Rf2 Qg6 37. Ref1 Rc2 38. Qf4 Rxf2 39. Qxf2 f6 40. a5 bxa5 41. bxa5 Qd3 42. Rc1 Ke7 43. Qb2 Rg4 44. Re1 Re4 45. Rxe4 Bxe4 46. Qb4+ Kf7 47. Qa4 Qe3+ 48. Kf1 Bd3# 0-1

[Event "Kuopio op-B 40th"]
[Site "Kuopio"]
[Date "2018.04.29"]
[Round "4"]
[White "Kinnunen, Markku"]
[Black "Lahti, Jouko"]
[Result "1-0"]
[WhiteElo "2010"]
[BlackElo "1975"]
[PlyCount "89"]
[EventDate "2018.04.28"]
[EventType "swiss"]
[EventRounds "4"]
[EventCountry "FIN"]
[SourceTitle "EXT 2022"]
[Source "ChessBase"]
[SourceDate "2021.10.06"]
[SourceVersion "1"]
[SourceVersionDate "2021.10.06"]
[SourceQuality "1"]

1. b3 Nf6 2. Bb2 e6 3. Nf3 c5 4. e3 b6 5. Be2 Bb7 6. 0-0 Be7 7. d4 0-0 8. dxc5 Bxc5 9. c4 Nc6 10. Nc3 Be7 11. Qd2 Bb4 12. Qc2 a6 13. Rfd1 Rc8 14. Ne4 Nxe4 15. Qxe4 f5 16. Qd3 Rf7 17. a3 Bf8 18. b4 Nb8 19. Rac1 d5 20. Ne5 Rfc7 21. Bf3 Bd6 22. h3 Qf6 23. Qd4 Bxe5 24. Qxe5 Qxe5 25. Bxe5 Rc6 26. Bxb8 Rxb8 27. cxd5 Rxc1 28. Rxc1 Bxd5 29. Bxd5 exd5 30. Rc7 a5 31. bxa5 bxa5 32. Rc5 a4 33. Ra5 Rd8 34. Rxa4 Kf7 35. Kf1 Rd7 36. Ke2 g6 37. Kd3 Rc7 38. Ra6 h5 39. h4 Rc4 40. g3 Rc1 41. a4 Rf1 42. Ke2 Ra1 43. a5 Kg7 44. Ra8 Kh7 45. a6 1-0

[Event "FIN-chT2 Gp4 1617"]
[Site "Finland"]
[Date "2016.10.08"]
[Round "3.3"]
[White "Lahti, Jouko"]
[Black "Kangasniemi, Jussi"]
[Result "1/2-1/2"]
[WhiteElo "1991"]
[BlackElo "1878"]
[PlyCount "105"]
[EventDate "2016.09.17"]
[EventType "team-tourn"]
[EventRounds "7"]
[EventCountry "FIN"]
[SourceTitle "EXT 2019"]
[Source "ChessBase"]
[SourceDate "2018.10.10"]
[SourceVersion "1"]
[SourceVersionDate "2018.10.10"]
[SourceQuality "1"]
[WhiteTeam "Kokkola SK"]
[BlackTeam "Pori PSY"]
[WhiteTeamCountry "FIN"]
[BlackTeamCountry "FIN"]

1. d4 Nf6 2. Bg5 c5 3. Bxf6 gxf6 4. d5 Qb6 5. Qc1 f5 6. c3 e6 7. dxe6 fxe6 8. e3 d5 9. Be2 h5 10. Nf3 Nc6 11. Na3 Bd7 12. Ng5 h4 13. Rb1 a6 14. Qd1 Bh6 15. Bh5+ Ke7 16. Nf7 Rh7 17. Nxh6 Rxh6 18. f4 Rg8 19. 0-0 d4 20. Bf3 Qc7 21. cxd4 cxd4 22. Qe2 e5 23. Bd5 Rg4 24. e4 Nb4 25. fxe5 Qxe5 26. Nc4 d3 27. Qd2 Qd4+ 28. Kh1 h3 29. Qxb4+ Ke8 30. Nd6+ Rxd6 31. Qxd4 hxg2+ 32. Kg1 gxf1Q+ 33. Kxf1 Rdg6 34. Bf7+ Kxf7 35. Qxd7+ Kg8 36. exf5 Rf4+ 37. Ke1 Rg1+ 38. Kd2 Rf2+ 39. Kxd3 Rxb1 40. Qd8+ Kf7 41. Qd7+ Kg8 42. Qe8+ Kg7 43. Qg6+ Kf8 44. f6 Re1 45. Qg7+ Ke8 46. Qg8+ Kd7 47. Qd5+ Ke8 48. Qh5+ Kd7 49. Qh7+ Kc6 50. f7 Ref1 51. Qe4+ Kc7 52. Qe5+ Kc8 53. Qe8+ 1/2-1/2

[Event "Kuopio We KSY A"]
[Site "Kuopio"]
[Date "2016.04.16"]
[Round "2"]
[White "Narhi, Kimmo"]
[Black "Lahti, Jouko"]
[Result "1-0"]
[WhiteElo "2042"]
[BlackElo "1991"]
[PlyCount "93"]
[EventDate "2016.04.16"]
[EventType "swiss"]
[EventRounds "5"]
[EventCountry "FIN"]
[SourceTitle "EXT 2022"]
[Source "ChessBase"]
[SourceDate "2021.10.06"]
[SourceVersion "1"]
[SourceVersionDate "2021.10.06"]
[SourceQuality "1"]

1. c4 Nf6 2. Nc3 d6 3. d4 g6 4. e4 Bg7 5. Be2 0-0 6. Nf3 Nbd7 7. 0-0 c6 8. Re1 e5 9. Bf1 Re8 10. d5 Qc7 11. b4 cxd5 12. Nb5 Qb8 13. exd5 a6 14. Nc3 e4 15. Nd4 Ne5 16. Nxe4 Nxe4 17. Rxe4 f5 18. Re1 Bd7 19. Bb2 f4 20. Qb3 Qd8 21. c5 Kh8 22. Ne6 Bxe6 23. dxe6 Qe7 24. Bc4 Nxc4 25. Bxg7+ Kxg7 26. Qxc4 dxc5 27. bxc5 Qf6 28. Qe4 Re7 29. Rab1 Qf5 30. Rxb7 Rae8 31. Qxf5 gxf5 32. c6 Kf6 33. Rxe7 Kxe7 34. Kf1 Rc8 35. Rc1 Kxe6 36. c7 Kd5 37. Ke2 Ke4 38. Rc4+ Ke5 39. Kf3 h5 40. h4 Kd5 41. Rc1 a5 42. Kxf4 Ke6 43. Rc2 a4 44. Rc4 a3 45. Rc3 Kd5 46. Kxf5 Kd4 47. Rc1 1-0

[Event "Lugano op 20th"]
[Site "Lugano"]
[Date "2015.11.07"]
[Round "3"]
[White "Lahti, Jouko"]
[Black "Auvinen, Esa"]
[Result "1/2-1/2"]
[WhiteElo "2020"]
[BlackElo "1961"]
[PlyCount "34"]
[EventDate "2015.11.06"]
[EventType "swiss"]
[EventRounds "5"]
[EventCountry "SUI"]
[SourceTitle "CBM 169 Extra"]
[Source "ChessBase"]
[SourceDate "2015.12.18"]
[SourceVersion "1"]
[SourceVersionDate "2015.12.18"]
[SourceQuality "1"]

1. e4 e5 2. Nf3 Nc6 3. d4 exd4 4. Nxd4 Bc5 5. Nb3 Bb6 6. Nc3 h6 7. Qe2 d6 8. Be3 Bxe3 9. Qxe3 Nf6 10. 0-0-0 Be6 11. Be2 0-0 12. f4 Bg4 13. h3 Bxe2 14. Qxe2 Re8 15. Qf3 Qe7 16. Rde1 Qe6 17. g4 Rac8 1/2-1/2

[Event "Raahe We RaahLi"]
[Site "Raahe"]
[Date "2015.11.01"]
[Round "5"]
[White "Luukkonen, Tommi"]
[Black "Lahti, Jouko"]
[Result "0-1"]
[WhiteElo "2327"]
[BlackElo "1951"]
[PlyCount "138"]
[EventDate "2015.10.31"]
[EventType "swiss"]
[EventRounds "5"]
[EventCountry "FIN"]
[SourceTitle "EXT 2022"]
[Source "ChessBase"]
[SourceDate "2021.10.06"]
[SourceVersion "1"]
[SourceVersionDate "2021.10.06"]
[SourceQuality "1"]

1. e4 e5 2. Nf3 Nc6 3. Bb5 a6 4. Ba4 Nf6 5. 0-0 Be7 6. d3 d6 7. c3 0-0 8. Re1 Re8 9. Nbd2 Bf8 10. Nf1 g6 11. Bg5 Bg7 12. Ne3 h6 13. Bh4 b5 14. Bb3 Na5 15. Bc2 Bd7 16. b4 Nb7 17. Nd2 Qc8 18. Qf3 g5 19. Bg3 c6 20. d4 g4 21. Qe2 Nh5 22. Qd3 Nxg3 23. fxg3 Qd8 24. d5 c5 25. Nf5 Bf8 26. Qe3 Qg5 27. Qxg5+ hxg5 28. Bd1 Bxf5 29. exf5 f6 30. Bxg4 a5 31. Ne4 Kg7 32. bxa5 Rxa5 33. Rab1 c4 34. h4 gxh4 35. gxh4 Nc5 36. Nxc5 dxc5 37. Be2 Bd6 38. g4 Rh8 39. h5 Kh6 40. a4 b4 41. cxb4 cxb4 42. Bxc4 Rxa4 43. Bb3 Ra3 44. Rec1 Rd8 45. Kf2 Kg5 46. Rc4 Ra5 47. Rc6 Rc5 48. Kf3 Rc3+ 49. Rxc3 bxc3 50. Bc2 Bc5 51. Rb7 Rxd5 52. Rg7+ Kh6 53. Rg6+ Kh7 54. Rxf6 Rd2 55. Rc6 Bd4 56. Be4 Rf2+ 57. Kg3 Re2 58. Rc7+ Kh6 59. Rc6+ Kh7 60. Bf3 Re3 61. Kg2 e4 62. Bd1 Re1 63. Bb3 Rg1+ 64. Kh3 e3 65. Re6 Rb1 66. Ba4 Rb2 67. g5 c2 68. Be8 Rb8 69. Bg6+ Kh8 0-1

[Event "Kuopio We KSY"]
[Site "Kuopio"]
[Date "2015.04.26"]
[Round "4"]
[White "Skrjabin, Igor"]
[Black "Lahti, Jouko"]
[Result "1/2-1/2"]
[WhiteElo "2057"]
[BlackElo "2047"]
[PlyCount "45"]
[EventDate "2015.04.25"]
[EventType "swiss"]
[EventRounds "5"]
[EventCountry "FIN"]
[SourceTitle "EXT 2022"]
[Source "ChessBase"]
[SourceDate "2021.10.06"]
[SourceVersion "1"]
[SourceVersionDate "2021.10.06"]
[SourceQuality "1"]

1. e4 e5 2. Nf3 Nc6 3. Bc4 Be7 4. 0-0 Nf6 5. d3 0-0 6. Nc3 d6 7. Bg5 Na5 8. Bxf6 Bxf6 9. Bb3 Nxb3 10. axb3 g6 11. Nd5 Bg7 12. c4 f5 13. Nd2 c6 14. Nc3 f4 15. f3 Be6 16. Qe2 h5 17. Qf2 a6 18. Rfd1 g5 19. h3 Kh7 20. Ne2 g4 21. fxg4 hxg4 22. hxg4 Bxg4 23. Nf3 1/2-1/2

[Event "Kuopio We KSY"]
[Site "Kuopio"]
[Date "2015.04.25"]
[Round "1"]
[White "Lahti, Jouko"]
[Black "Ronka, Erik"]
[Result "0-1"]
[WhiteElo "2047"]
[BlackElo "2151"]
[PlyCount "46"]
[EventDate "2015.04.25"]
[EventType "swiss"]
[EventRounds "5"]
[EventCountry "FIN"]
[SourceTitle "EXT 2022"]
[Source "ChessBase"]
[SourceDate "2021.10.06"]
[SourceVersion "1"]
[SourceVersionDate "2021.10.06"]
[SourceQuality "1"]

1. Nf3 Nf6 2. c4 g6 3. Nc3 Bg7 4. d4 0-0 5. e4 d6 6. h3 Na6 7. Bg5 Qe8 8. Be2 e5 9. dxe5 dxe5 10. 0-0 Nh5 11. Be3 f5 12. c5 f4 13. Bxa6 bxa6 14. Bc1 Kh8 15. b4 c6 16. Bb2 g5 17. Qd6 g4 18. hxg4 Bxg4 19. Nh2 Rd8 20. Qxd8 Qxd8 21. Nxg4 f3 22. Ne3 Qg5 23. Ncd1 Nf4 0-1

[Event "Raahe We RaahLi"]
[Site "Raahe"]
[Date "2014.11.02"]
[Round "5"]
[White "Sarkkinen, Heikki"]
[Black "Lahti, Jouko"]
[Result "1/2-1/2"]
[WhiteElo "1965"]
[BlackElo "1964"]
[PlyCount "23"]
[EventDate "2014.11.01"]
[EventType "swiss"]
[EventRounds "5"]
[EventCountry "FIN"]
[SourceTitle "EXT 2022"]
[Source "ChessBase"]
[SourceDate "2021.10.06"]
[SourceVersion "1"]
[SourceVersionDate "2021.10.06"]
[SourceQuality "1"]

1. d4 Nf6 2. Bf4 e6 3. Nf3 d5 4. e3 Nbd7 5. h3 Be7 6. c3 0-0 7. Be2 Ne4 8. a4 f5 9. Bh2 Bd6 10. Nbd2 Bxh2 11. Nxh2 Ndf6 12. 0-0 1/2-1/2

[Event "Kuopio We KSY A"]
[Site "Kuopio"]
[Date "2014.04.26"]
[Round "2"]
[White "Heikkila, Antti"]
[Black "Lahti, Jouko"]
[Result "1-0"]
[WhiteElo "1944"]
[BlackElo "2046"]
[PlyCount "53"]
[EventDate "2014.04.26"]
[EventType "swiss"]
[EventRounds "5"]
[EventCountry "FIN"]
[SourceTitle "EXT 2022"]
[Source "ChessBase"]
[SourceDate "2021.10.06"]
[SourceVersion "1"]
[SourceVersionDate "2021.10.06"]
[SourceQuality "1"]

1. c4 d6 2. g3 g6 3. Bg2 Bg7 4. Nf3 Nf6 5. d4 0-0 6. Nc3 Nbd7 7. 0-0 e5 8. e4 Re8 9. h3 c6 10. Be3 exd4 11. Nxd4 Nc5 12. Qc2 a5 13. Rad1 a4 14. Nxc6 Qc7 15. Nd4 Bf8 16. Ndb5 Qb8 17. Bd4 Re6 18. f4 Ne8 19. Qf2 Bd7 20. f5 gxf5 21. Qxf5 Re7 22. Qg5+ Ng7 23. Nd5 Nce6 24. Nxe7+ Kh8 25. Qh4 Nxd4 26. Nxd4 Qe8 27. Rxf7 1-0

[Event "EU-chT Seniors"]
[Site "Sibenik"]
[Date "2014.04.04"]
[Round "4.16"]
[White "Vinke, Dietmar"]
[Black "Lahti, Jouko"]
[Result "1/2-1/2"]
[WhiteElo "2173"]
[BlackElo "2046"]
[PlyCount "43"]
[EventDate "2014.04.01"]
[EventType "team-swiss"]
[EventRounds "9"]
[EventCountry "CRO"]
[SourceTitle "CBM 159 Extra"]
[Source "ChessBase"]
[SourceDate "2014.04.24"]
[SourceVersion "1"]
[SourceVersionDate "2014.04.24"]
[SourceQuality "1"]
[WhiteTeam "Finland Seniors II"]
[BlackTeam "Finland Botnia Seniors"]
[WhiteTeamCountry "FIN"]
[BlackTeamCountry "FIN"]

1. Nf3 d6 2. d4 g6 3. e4 Bg7 4. g3 c6 5. Bg2 Nd7 6. 0-0 Qc7 7. Nbd2 Ngf6 8. Re1 e5 9. dxe5 dxe5 10. b3 0-0 11. Bb2 Rd8 12. Qe2 Ne8 13. Rad1 Nf8 14. Nc4 Rxd1 15. Rxd1 f6 16. a4 Be6 17. Ba3 Rd8 18. Bf1 Rd7 19. Rxd7 Nxd7 20. Qd2 Bf8 21. Bxf8 Nxf8 22. Ne1 1/2-1/2

[Event "EU-chT Seniors"]
[Site "Sibenik"]
[Date "2014.04.02"]
[Round "2.17"]
[White "Sterner, Johan"]
[Black "Lahti, Jouko"]
[Result "0-1"]
[WhiteElo "2017"]
[BlackElo "2046"]
[PlyCount "82"]
[EventDate "2014.04.01"]
[EventType "team-swiss"]
[EventRounds "9"]
[EventCountry "CRO"]
[SourceTitle "CBM 159 Extra"]
[Source "ChessBase"]
[SourceDate "2014.04.24"]
[SourceVersion "1"]
[SourceVersionDate "2014.04.24"]
[SourceQuality "1"]
[WhiteTeam "Sweden Seniors IV"]
[BlackTeam "Finland Botnia Seniors"]
[WhiteTeamCountry "SWE"]
[BlackTeamCountry "FIN"]

1. d4 Nf6 2. c4 g6 3. Nc3 Bg7 4. e4 d6 5. Nf3 0-0 6. Be2 Nbd7 7. e5 Ne8 8. Bf4 c5 9. dxc5 Nxc5 10. h3 Ne6 11. Bg3 f6 12. exd6 exd6 13. 0-0 f5 14. Qd2 g5 15. Rad1 f4 16. Bh2 h5 17. Ne4 g4 18. hxg4 hxg4 19. Ne1 Nd4 20. Nc2 Nxe2+ 21. Qxe2 Be5 22. Nxd6 Bxd6 23. c5 g3 24. Qc4+ Rf7 25. fxg3 Qc7 26. b4 fxg3 27. Rf3 gxh2+ 28. Kh1 Bf4 29. Rdf1 Ng7 30. Rxf4 Be6 31. Qe4 Re8 32. Qd4 Rxf4 33. Qxf4 Qxf4 34. Rxf4 Bxa2 35. Nd4 Bd5 36. Nb5 a6 37. Nc7 Re1+ 38. Kxh2 Bc6 39. g4 Ne6 40. Nxe6 Rxe6 41. Kg3 Re4 0-1

[Event "EU-chT Seniors"]
[Site "Rogaska Slatina"]
[Date "2012.04.04"]
[Round "9.20"]
[White "Lahti, Jouko"]
[Black "Danner, Lambert"]
[Result "1/2-1/2"]
[WhiteElo "2016"]
[BlackElo "2090"]
[PlyCount "37"]
[EventDate "2012.03.27"]
[EventType "team-swiss"]
[EventRounds "9"]
[EventCountry "SLO"]
[SourceTitle "CBM 147 Extra"]
[Source "ChessBase"]
[SourceDate "2012.04.24"]
[SourceVersion "1"]
[SourceVersionDate "2012.04.24"]
[SourceQuality "1"]
[WhiteTeam "Finland (Seniors) II"]
[BlackTeam "Vienna (Seniors) II"]
[WhiteTeamCountry "FIN"]
[BlackTeamCountry "AUT"]

1. Nf3 f5 2. g3 Nf6 3. c4 d6 4. d4 g6 5. Bg2 Bg7 6. 0-0 0-0 7. b3 c6 8. Bb2 a5 9. Nbd2 Na6 10. a3 Bd7 11. Qc2 Rc8 12. Rfe1 Kh8 13. Rac1 d5 14. e3 Ne4 15. Ne5 Be6 16. Nd3 Bf7 17. f3 Nf6 18. Ne5 Be6 19. Nd3 1/2-1/2

[Event "EU-chT Seniors"]
[Site "Rogaska Slatina"]
[Date "2012.04.03"]
[Round "8.18"]
[White "Lahti, Jouko"]
[Black "Niebuhr, Gerd"]
[Result "1/2-1/2"]
[WhiteElo "2016"]
[BlackElo "2079"]
[PlyCount "23"]
[EventDate "2012.03.27"]
[EventType "team-swiss"]
[EventRounds "9"]
[EventCountry "SLO"]
[SourceTitle "CBM 147 Extra"]
[Source "ChessBase"]
[SourceDate "2012.04.24"]
[SourceVersion "1"]
[SourceVersionDate "2012.04.24"]
[SourceQuality "1"]
[WhiteTeam "Finland (Seniors) II"]
[BlackTeam "Niedersachsen (Seniors)"]
[WhiteTeamCountry "FIN"]
[BlackTeamCountry "GER"]

1. e4 e5 2. Nf3 Nc6 3. Bc4 Nf6 4. d3 Bc5 5. Nc3 d6 6. Be3 Nd4 7. Qd2 Bg4 8. Bxd4 exd4 9. Na4 Bxf3 10. gxf3 Bb6 11. Nxb6 axb6 12. 0-0 1/2-1/2